| 000 | 00696nam a22001937a 4500 | ||
|---|---|---|---|
| 999 |
_c145762 _d145762 |
||
| 005 | 20190624125503.0 | ||
| 010 | _a1718EN-30 B-688528-533 ENG-125729 | ||
| 020 |
_c300.00 _a9789351866473 |
||
| 035 | _aB-688528-533 EN-109261 | ||
| 037 |
_bPrabhat _adpl |
||
| 082 | _a330.954 | ||
| 100 | _aBhalla, D | ||
| 245 |
_aFuture of India / _cby D. Bhalla |
||
| 260 |
_aNew Delhi _bPrabhat Prakashan _c2016 |
||
| 270 |
_bNew Delhi _a4/19 Asaf Ali Road, _e110002 |
||
| 300 |
_a176p. _c21cm(hb) |
||
| 942 |
_cEN _mBHA _2ddc _h330.954 |
||